000
00317nam a22001577a 4500
003
SGT
020
_a
9789389347043
082
_a
371.1,MOH
100
_a
MOHAN, RADHA
245
_a
TEACHER EDUCATION
250
_a
2ND
260
_a
NEW DELHI
_b
PHI
_c
2023
300
_a
298
650
_a
EDUCATION
942
_2
ddc
_c
BK
999
_c
26831
_d
26831